Normal view
MARC view
Entry Personal Name
001 - CONTROL NUMBER
- control field: 67030
003 - CONTROL NUMBER IDENTIFIER
- control field: dpl
005 - DATE AND TIME OF LATEST TRANSACTION
- control field: 20240529115307.0
008 - FIXED-LENGTH DATA ELEMENTS
- fixed length control field: 240529|| aca||aabn | a|a d
040 ## - CATALOGING SOURCE
- Original cataloging agency: dpl
- Transcribing agency: dpl
100 ## - HEADING--PERSONAL NAME
- Personal name: Garodia, Shruti
670 ## - SOURCE DATA FOUND
- Source citation: Work cat.: (dpl)203352: Garodia, Shruti, History Hunters Chandragupta Vikramaditya and the Shaka Conspiracy/, 2023
